000 00700nam a2200289Ia 4500
005 20260324135109.0
008 008 260324s9999 xx 000 0 eng d
020 _a9781315812090
037 _aEBOOK
040 _aCRL
040 _beng
040 _cCRL
041 _2eng
041 _aeng
084 _qCRL
100 _aPeter J. Hutchings
_91199323
245 4 _aThe Criminal Spectre in Law, Literature and Aesthetics
245 0 _bIncriminating Subjects
260 _bTaylor and Francis
260 _c2001
365 _a
365 _b230
856 _uhttp://www.taylorfrancis.com/books/9781315812090
942 _cEBOOK
999 _c1800051
_d1800051